Turkey Super League Teams - Statistics

General Stats
  • This quiz has been taken 73 times
  • The average score is 17 of 19
Answer Stats
Picture Answer % Correct
Fenerbahçe
100%
Galatasaray
100%
Konyaspor
100%
Beşiktaş
98%
Adana Demirspor
97%
Başakşehir
97%
Trabzonspor
97%
Antalyaspor
95%
Sivasspor
95%
Alanyaspor
92%
Karagümrük
92%
Kasımpaşa
92%
Hatayspor
91%
Giresunspor
89%
İstanbulspor
89%
Kayserispor
89%
Ankaragücü
85%
Ümraniyespor
82%
Gaziantep FK
52%
No matching quizzes found
Score Distribution
Percent of People with Each Score
Percentile by Number Answered
Your Score History
You have not taken this quiz